[Event "83eme Championnat de Paris - Open Fide"]
[Site "Paris - Halle Carpentier (13e"]
[Date "2008.06.29"]
[Round "2.24"]
[White "Brih, Said"]
[Black "Pile, Richard"]
[Result "1-0"]
[WhiteElo "2208"]
[BlackElo "2318"]
[Annotator "Salaun,Michel"]
[PlyCount "65"]
[EventDate "2008.07.06"]
[EventType "swiss"]
[EventRounds "9"]
[EventCountry "FRA"]

1. d4 Nf6 2. c4 e6 3. Nf3 b6 4. g3 Bb4+ 5. Bd2 Qe7 6. Bg2 Bb7 7. O-O Bxd2 8.
Nbxd2 O-O 9. Qc2 d6 10. e4 e5 11. Nh4 g6 12. f4 Nbd7 13. Rae1 a5 14. Qc3 Nh5
15. fxe5 dxe5 16. Qe3 exd4 17. Qh6 Ne5 18. Nf5 Qd8 19. Bf3 gxf5 20. Bxh5 f6 21.
exf5 Qe7 22. Rf4 Kh8 23. Bg6 Qg7 24. Rh4 Nxg6 25. fxg6 Qxh6 26. Rxh6 Kg7 27.
Rxh7+ Kxg6 28. Ree7 Rae8 29. Rxc7 Re2 30. Nb3 Rg2+ 31. Kf1 Ba8 32. Nxd4 f5 33.
Ne6 1-0

[Event "83eme Championnat de Paris - Open Fide"]
[Site "Paris - Halle Carpentier (13e"]
[Date "2008.06.29"]
[Round "2.25"]
[White "Spielmann, Alain"]
[Black "Manoeuvre, Antoine"]
[Result "1-0"]
[WhiteElo "2308"]
[BlackElo "2052"]
[Annotator "Salaun,Michel"]
[PlyCount "57"]
[EventDate "2008.07.06"]
[EventType "swiss"]
[EventRounds "9"]
[EventCountry "FRA"]

1. Nf3 Nf6 2. c4 g6 3. Nc3 Bg7 4. e4 d6 5. d4 O-O 6. Be2 e5 7. O-O exd4 8. Nxd4
Re8 9. f3 c6 10. Kh1 Nh5 11. g4 Nf6 12. g5 Nfd7 13. Be3 f5 14. gxf6 Nxf6 15.
Qd2 Qe7 16. Nc2 Nh5 17. Bg5 Qe6 18. Rf2 Be5 19. f4 Bg7 20. Bxh5 gxh5 21. Rg2
Kh8 22. f5 Qxc4 23. Rag1 Nd7 24. Bh6 Bf6 25. Bg7+ Bxg7 26. Rxg7 Nf6 27. Qg5 Ng4
28. Rxh7+ Kxh7 29. Qxh5+ 1-0

[Event "83eme Championnat de Paris - Open Fide"]
[Site "Paris - Halle Carpentier (13e"]
[Date "2008.06.30"]
[Round "3.19"]
[White "Brunner, Nicolas"]
[Black "Brih, Said"]
[Result "1-0"]
[WhiteElo "2404"]
[BlackElo "2208"]
[Annotator "Salaun,Michel"]
[PlyCount "167"]
[EventDate "2008.07.06"]
[EventType "swiss"]
[EventRounds "9"]
[EventCountry "FRA"]

1. Nf3 Nf6 2. c4 g6 3. Nc3 Bg7 4. e4 d6 5. d4 O-O 6. Be2 e5 7. O-O Nc6 8. d5
Ne7 9. Ne1 Nd7 10. Be3 f5 11. f3 Nf6 12. c5 f4 13. Bf2 dxc5 14. Bxc5 b6 15. Bf2
g5 16. a4 h5 17. a5 bxa5 18. Kh1 g4 19. Bh4 Ng6 20. Bxf6 Qxf6 21. fxg4 hxg4 22.
Bxg4 Qg5 23. Bxc8 Raxc8 24. Nf3 Qh6 25. Rxa5 Rf7 26. Rxa7 Bf8 27. Ra6 Rh7 28.
h3 Re8 29. Nh2 Bd6 30. Nf3 Kh8 31. Nb5 Nh4 32. Nxd6 cxd6 33. Qa4 Qf8 34. Nxh4
Rxh4 35. Rxd6 Rb8 36. Re6 Qf7 37. Qc6 Qh5 38. Qc3 f3 39. Qxf3 Qxf3 40. Rxf3
Rxe4 41. Rg3 Kh7 42. Rg5 Re1+ 43. Kh2 e4 44. Rge5 Rb4 45. d6 Re2 46. d7 Rd2 47.
Rxe4 Rb3 48. Re7+ Kg6 49. Re2 Rd1 50. Rf2 Rbd3 51. Rf8 Rxd7 52. Rxd7 Rxd7 53.
Rf4 Rd2 54. b4 Rb2 55. h4 Kh5 56. Kh3 Rb3+ 57. g3 Rc3 58. Rf5+ Kg6 59. Rf4 Kh5
60. Rf5+ Kg6 61. Rc5 Rb3 62. b5 Kh6 63. Rg5 Rc3 64. Kg2 Rb3 65. Kf2 Rd3 66. Ke2
Rd6 67. Ke3 Rd1 68. Ke4 Rd2 69. Rd5 Rg2 70. b6 Rb2 71. Rd6+ Kg7 72. Kd5 Kf7 73.
Kc6 Ke7 74. Rd3 Rc2+ 75. Kb7 Ra2 76. Kc7 Rc2+ 77. Kb8 Rb2 78. b7 Rb5 79. Ra3
Kd6 80. Ka8 Ke7 81. Rc3 Kd7 82. b8=Q Ra5+ 83. Qa7+ Rxa7+ 84. Kxa7 1-0

[Event "83eme Championnat de Paris - Open Fide"]
[Site "Paris - Halle Carpentier (13e"]
[Date "2008.06.30"]
[Round "3.18"]
[White "Mayaud, Raphael"]
[Black "Payen, Arnaud"]
[Result "1/2-1/2"]
[WhiteElo "2201"]
[BlackElo "2372"]
[Annotator "Salaun,Michel"]
[PlyCount "83"]
[EventDate "2008.07.06"]
[EventType "swiss"]
[EventRounds "9"]
[EventCountry "FRA"]

1. d4 g6 2. e4 Bg7 3. Nc3 c5 4. d5 d6 5. Nf3 Nf6 6. Bb5+ Bd7 7. a4 O-O 8. O-O
Na6 9. h3 Nc7 10. Bxd7 Qxd7 11. Qe2 a6 12. Rd1 e6 13. dxe6 Qxe6 14. Bf4 Rad8
15. Rd2 Nh5 16. Bh2 Bh6 17. Rd3 Bf4 18. g3 Be5 19. Nxe5 dxe5 20. g4 Nf6 21. Nd5
c4 22. Nxf6+ Qxf6 23. Rxd8 Rxd8 24. Rd1 Rxd1+ 25. Qxd1 Qe7 26. Bg3 f6 27. h4
Kg7 28. Kg2 h6 29. Qd2 g5 30. h5 b5 31. axb5 axb5 32. f3 Kf7 33. Bf2 Ke8 34.
Kg3 Qd7 35. Qxd7+ Kxd7 36. Be3 Na6 37. c3 Kc6 38. Kf2 b4 39. Ke2 b3 40. Kd2 Nc7
41. Bf2 Nb5 42. Be3 1/2-1/2

[Event "83eme Championnat de Paris - Open Fide"]
[Site "Paris - Halle Carpentier (13e"]
[Date "2008.06.30"]
[Round "3.20"]
[White "Badii, Madjid"]
[Black "Onkoud, Abdelaziz"]
[Result "0-1"]
[WhiteElo "2220"]
[BlackElo "2396"]
[Annotator "Salaun,Michel"]
[PlyCount "120"]
[EventDate "2008.07.06"]
[EventType "swiss"]
[EventRounds "9"]
[EventCountry "FRA"]

1. e4 c5 2. Nf3 d6 3. d4 cxd4 4. Nxd4 Nf6 5. Nc3 g6 6. Bc4 Bg7 7. h3 O-O 8. Bb3
a6 9. O-O b5 10. Nd5 Bb7 11. Nxf6+ Bxf6 12. Bh6 Re8 13. Re1 Nd7 14. c3 Nc5 15.
Bc2 Qb6 16. Qd2 Nd7 17. Nf3 Rac8 18. Bg5 Bg7 19. Be3 Qc7 20. Bd4 Ne5 21. Bb3
Nc4 22. Bxc4 Qxc4 23. Bxg7 Kxg7 24. Nd4 h6 25. f3 Qc5 26. Kh1 Red8 27. Nc2 h5
28. Ne3 d5 29. exd5 Bxd5 30. Nxd5 Rxd5 31. Qe2 e6 32. Rad1 Rcd8 33. Rxd5 Rxd5
34. Rd1 Qc4 35. Qc2 Qxa2 36. Rxd5 Qxd5 37. b3 Qf5 38. Qa2 Qd3 39. c4 b4 40.
Qa1+ Qc3 41. Qa4 h4 42. Kh2 e5 43. Kh1 Qc1+ 44. Kh2 Qa3 45. Qe8 Qxb3 46. Qxe5+
Kh7 47. Qf4 Qc3 48. c5 Kg7 49. c6 a5 50. c7 b3 51. Qd6 a4 52. Qb6 b2 53. c8=Q
Qxc8 54. Qxb2+ Kg8 55. Qa3 Qc4 56. Kh1 Qb3 57. Qd6 Qc3 58. Qd8+ Kg7 59. Qxh4 a3
60. Qa4 Qb2 0-1

[Event "83eme Championnat de Paris - Open Fide"]
[Site "Paris - Halle Carpentier (13e"]
[Date "2008.06.30"]
[Round "3.21"]
[White "Sohier, Julien"]
[Black "Leconte, Maria"]
[Result "1/2-1/2"]
[WhiteElo "2270"]
[BlackElo "2336"]
[Annotator "Salaun,Michel"]
[PlyCount "56"]
[EventDate "2008.07.06"]
[EventType "swiss"]
[EventRounds "9"]
[EventCountry "FRA"]

1. e4 e6 2. d4 d5 3. Nc3 Nf6 4. Bg5 Bb4 5. e5 h6 6. Be3 Ne4 7. Qg4 g6 8. Bd3
Nxc3 9. a3 Ba5 10. Bd2 c5 11. bxc3 cxd4 12. cxd4 Bxd2+ 13. Kxd2 Nc6 14. Ne2 Bd7
15. Qf4 Rc8 16. h4 Na5 17. h5 g5 18. Qf6 Qxf6 19. exf6 O-O 20. Rhe1 Nc4+ 21.
Bxc4 Rxc4 22. c3 Rfc8 23. Reb1 b6 24. Rb4 e5 25. dxe5 Re8 26. Rxc4 dxc4 27. Nd4
Rxe5 28. Re1 Rxe1 1/2-1/2

[Event "83eme Championnat de Paris - Open Fide"]
[Site "Paris - Halle Carpentier (13e"]
[Date "2008.06.30"]
[Round "3.22"]
[White "Rabeyrin, Jean-Jacques"]
[Black "Peyrat, Olivier"]
[Result "0-1"]
[WhiteElo "2303"]
[BlackElo "2229"]
[Annotator "Salaun,Michel"]
[PlyCount "130"]
[EventDate "2008.07.06"]
[EventType "swiss"]
[EventRounds "9"]
[EventCountry "FRA"]

1. e4 c5 2. Nf3 e6 3. d4 cxd4 4. Nxd4 Nc6 5. Nb5 d6 6. Bf4 e5 7. Be3 a6 8. N5c3
Nf6 9. Bg5 Be7 10. Bxf6 Bxf6 11. Nd2 Be6 12. Nc4 Nd4 13. Bd3 Bg5 14. O-O Rc8
15. Nd5 O-O 16. c3 Bxd5 17. exd5 Nb5 18. Qb3 Rb8 19. Rad1 Nc7 20. Be2 Ne8 21.
Nb6 Qc7 22. a4 f5 23. a5 Kh8 24. Qc2 e4 25. f4 exf3 26. Rxf3 g6 27. b4 Nf6 28.
h3 Rbe8 29. Kh2 Qe7 30. Bf1 h5 31. c4 Ne4 32. c5 dxc5 33. bxc5 Nxc5 34. d6 Qe5+
35. Kh1 Ne4 36. d7 Rd8 37. Re1 Qxa5 38. Rb1 h4 39. Bd3 Ng3+ 40. Kg1 Qe5 41. Qf2
Bf6 42. Rf4 Kg7 43. Re1 Qd6 44. Bc2 Rf7 45. Rc4 Rdxd7 46. Nxd7 Rxd7 47. Qf4
Qxf4 48. Rxf4 b5 49. Rf3 Rd2 50. Bb1 a5 51. Rd3 Rb2 52. Rd7+ Kh6 53. Bd3 a4 54.
Re6 Kg5 55. Ra6 Nh5 56. Rd5 Nf4 57. Rdd6 Be5 58. Rd7 Rxg2+ 59. Kh1 Rg3 60. Bxb5
Rxh3+ 61. Kg1 a3 62. Bc6 Rc3 63. Rda7 Bd4+ 64. Kh1 Bxa7 65. Be8 Bf2 0-1

[Event "83eme Championnat de Paris - Open Fide"]
[Site "Paris - Halle Carpentier (13e"]
[Date "2008.06.30"]
[Round "3.23"]
[White "Roos, Jean-Luc"]
[Black "Maisuradze, Nino"]
[Result "0-1"]
[WhiteElo "2326"]
[BlackElo "2267"]
[Annotator "Salaun,Michel"]
[PlyCount "94"]
[EventDate "2008.07.06"]
[EventType "swiss"]
[EventRounds "9"]
[EventCountry "FRA"]

1. d4 d5 2. c4 e6 3. Nc3 Nf6 4. Nf3 Be7 5. Bg5 h6 6. Bxf6 Bxf6 7. e3 O-O 8. Rc1
c6 9. Bd3 dxc4 10. Bxc4 Nd7 11. O-O c5 12. Ne4 cxd4 13. exd4 Nb6 14. Bb3 Bd7
15. Nxf6+ Qxf6 16. Ne5 Rfc8 17. Rc3 Rxc3 18. bxc3 Rc8 19. c4 Be8 20. c5 Na8 21.
Qd3 b6 22. Qe3 Nc7 23. cxb6 axb6 24. Rc1 Qd8 25. Qc3 Bb5 26. a4 Ba6 27. Qf3 Qe7
28. h3 Rf8 29. Qc6 Na8 30. Nxf7 Kxf7 31. Re1 Nc7 32. d5 Rd8 33. dxe6+ Kf8 34.
Qxb6 Bc8 35. a5 Ne8 36. Re3 Rd6 37. Rf3+ Nf6 38. Qb8 Rd8 39. Qe5 Rd6 40. Re3
Ba6 41. g4 Bb7 42. g5 hxg5 43. Qxg5 Rc6 44. Re5 Rc3 45. Ba4 Rxh3 46. f4 Rh1+
47. Kf2 Ne4+ 0-1

[Event "83eme Championnat de Paris - Open Fide"]
[Site "Paris - Halle Carpentier (13e"]
[Date "2008.06.30"]
[Round "3.24"]
[White "Pile, Richard"]
[Black "Schabanel, Stephane"]
[Result "1-0"]
[WhiteElo "2318"]
[BlackElo "2265"]
[Annotator "Salaun,Michel"]
[PlyCount "61"]
[EventDate "2008.07.06"]
[EventType "swiss"]
[EventRounds "9"]
[EventCountry "FRA"]

1. e4 c5 2. Nf3 Nc6 3. d4 cxd4 4. Nxd4 Nf6 5. Nc3 d6 6. Bg5 e6 7. Qd2 a6 8.
O-O-O Bd7 9. f3 h6 10. Be3 b5 11. Nxc6 Bxc6 12. Ne2 Qc7 13. Nd4 Bb7 14. Kb1 Rd8
15. Bd3 e5 16. Nf5 d5 17. exd5 Nxd5 18. Rhe1 g6 19. Bd4 f6 20. Nh4 Kf7 21. Nxg6
Rg8 22. Nxf8 Rdxf8 23. Be3 h5 24. Qf2 Nxe3 25. Rxe3 Qc5 26. Rde1 a5 27. a3 Rb8
28. Qh4 Rg5 29. f4 exf4 30. Qxf4 Rd8 31. Re6 1-0

[Event "83eme Championnat de Paris - Open Fide"]
[Site "Paris - Halle Carpentier (13e"]
[Date "2008.07.01"]
[Round "4.17"]
[White "Pham, Minh Hoang"]
[Black "Grover, Sahaj"]
[Result "1-0"]
[WhiteElo "2479"]
[BlackElo "2300"]
[Annotator "Salaun,Michel"]
[PlyCount "81"]
[EventDate "2008.07.06"]
[EventType "swiss"]
[EventRounds "9"]
[EventCountry "FRA"]

1. d4 Nf6 2. c4 e6 3. Nf3 b6 4. g3 Ba6 5. Qc2 Bb4+ 6. Bd2 Be7 7. e4 d5 8. cxd5
Bxf1 9. Kxf1 exd5 10. e5 Ne4 11. Nc3 Nxc3 12. bxc3 Qd7 13. Kg2 Nc6 14. c4 Nd8
15. cxd5 Qxd5 16. Qxc7 Ne6 17. Qc3 Rd8 18. Be3 O-O 19. Qb3 Qb7 20. Rhd1 Rd5 21.
Qc2 Rd7 22. Rac1 Ba3 23. Rb1 Rfd8 24. h4 Be7 25. Qc4 Qe4 26. Qd3 Qb7 27. Rd2
Bc5 28. Rbd1 Bxd4 29. Bg5 Rc8 30. Kh2 h6 31. Qf5 Rc4 32. Be3 g6 33. Qf6 Qe4 34.
Bxh6 Rd5 35. Ng5 Qf5 36. Qxf5 gxf5 37. Nf3 Ra4 38. Kg1 b5 39. Be3 Bxe3 40. Rxd5
Bc5 41. R1d2 1-0

[Event "83eme Championnat de Paris - Open Fide"]
[Site "Paris - Halle Carpentier (13e"]
[Date "2008.07.01"]
[Round "4.18"]
[White "Debray, Christopher"]
[Black "Sohier, Julien"]
[Result "1/2-1/2"]
[WhiteElo "2381"]
[BlackElo "2270"]
[Annotator "Salaun,Michel"]
[PlyCount "75"]
[EventDate "2008.07.06"]
[EventType "swiss"]
[EventRounds "9"]
[EventCountry "FRA"]

1. c4 c5 2. e4 Nc6 3. Nc3 g6 4. g3 Bg7 5. Bg2 d6 6. Nge2 e6 7. O-O Nge7 8. d3
O-O 9. Rb1 Rb8 10. a3 a6 11. b4 cxb4 12. axb4 b5 13. cxb5 axb5 14. d4 d5 15.
Bf4 Rb7 16. Be3 dxe4 17. Bxe4 Nd5 18. Bxd5 exd5 19. Nf4 Be6 20. Qe2 Bf5 21. Rb3
Bxd4 22. Nxb5 Re8 23. Rd1 Bxe3 24. Rxd5 Bxf2+ 25. Qxf2 Rd7 26. Nc3 Rxd5 27.
Ncxd5 Be4 28. Re3 Bxd5 29. Rxe8+ Qxe8 30. Nxd5 Qe5 {(=)} 31. Qc5 Qe1+ 32. Kg2
Qe4+ 33. Kf2 Qf5+ 34. Ke3 Qe5+ 35. Kd2 Qb2+ 36. Qc2 Qd4+ 37. Qd3 Qb2+ 38. Qc2 {
(=)} 1/2-1/2

[Event "83eme Championnat de Paris - Open Fide"]
[Site "Paris - Halle Carpentier (13e"]
[Date "2008.07.01"]
[Round "4.19"]
[White "Bernard, Christophe"]
[Black "Fayard, Alain"]
[Result "1-0"]
[WhiteElo "2361"]
[BlackElo "2269"]
[Annotator "Salaun,Michel"]
[PlyCount "41"]
[EventDate "2008.07.06"]
[EventType "swiss"]
[EventRounds "9"]
[EventCountry "FRA"]

1. e4 e5 2. Nf3 Nf6 3. d4 Nxe4 4. Bd3 Nc6 5. dxe5 Nc5 6. Bc4 Be7 7. O-O O-O 8.
Nc3 d6 9. exd6 Qxd6 10. Nd5 Bd8 11. Bf4 Qg6 12. b4 Ne6 13. Bg3 a6 14. Re1 Ng5
15. Nxg5 Qxg5 16. Nxc7 Bg4 17. Qd5 Qxd5 18. Nxd5 Rc8 19. Bd6 Nd4 20. Bxf8 Nxc2
21. Bc5 1-0

[Event "83eme Championnat de Paris - Open Fide"]
[Site "Paris - Halle Carpentier (13e"]
[Date "2008.07.01"]
[Round "4.22"]
[White "Maisuradze, Nino"]
[Black "Pile, Richard"]
[Result "0-1"]
[WhiteElo "2267"]
[BlackElo "2318"]
[Annotator "Salaun,Michel"]
[PlyCount "98"]
[EventDate "2008.07.06"]
[EventType "swiss"]
[EventRounds "9"]
[EventCountry "FRA"]

1. d4 d5 2. c4 c6 3. Nc3 Nf6 4. cxd5 cxd5 5. Bf4 Nc6 6. e3 a6 7. Bd3 Bg4 8. Nf3
e6 9. Qb3 Bxf3 10. gxf3 Bd6 11. Bg3 O-O 12. Rc1 Rc8 13. O-O Na5 14. Qd1 Nc4 15.
Qe2 Be7 16. Rfd1 Qa5 17. e4 Nb6 18. Bb1 Rfe8 19. Bf4 Nc4 20. Bd3 b5 21. b3 Nh5
22. Bg3 Nb6 23. Nb1 Bg5 24. Rc5 Nd7 25. Rxc8 Rxc8 26. exd5 exd5 27. Bf5 Qd8 28.
f4 Nxg3 29. hxg3 Bf6 30. Qf3 g6 31. Bh3 Rc2 32. Qxd5 Nb6 33. Qxd8+ Bxd8 34. d5
Rxa2 35. d6 Ra1 36. Bg2 a5 37. Re1 Kg7 38. Kf1 Bf6 39. Bc6 a4 40. bxa4 bxa4 41.
g4 Nc4 42. g5 Bd8 43. Nc3 Rxe1+ 44. Kxe1 Ba5 45. Ke2 Bxc3 46. Kd3 a3 47. Kxc3
a2 48. Kxc4 a1=Q 49. d7 Qa5 0-1

[Event "83eme Championnat de Paris - Open Fide"]
[Site "Paris - Halle Carpentier (13e"]
[Date "2008.07.02"]
[Round "5.17"]
[White "Jablonski, Noham"]
[Black "Debray, Christopher"]
[Result "1-0"]
[WhiteElo "2260"]
[BlackElo "2381"]
[Annotator "Salaun,Michel"]
[PlyCount "71"]
[EventDate "2008.07.06"]
[EventType "swiss"]
[EventRounds "9"]
[EventCountry "FRA"]

1. e4 c5 2. Nf3 e6 3. d4 cxd4 4. Nxd4 Nc6 5. Nc3 Qc7 6. Be3 Nf6 7. f4 d6 8. Qf3
Be7 9. Nb3 a6 10. g4 b5 11. g5 Nd7 12. O-O-O Bb7 13. Qf2 Na5 14. Nxa5 Qxa5 15.
a3 Rc8 16. Kb1 Nc5 17. Bg2 b4 18. axb4 Qxb4 19. Rd4 Qb6 20. f5 Rb8 21. Bc1 exf5
22. exf5 Bxg2 23. Qxg2 Nb3 24. Re4 Nxc1 25. Rxe7+ Kf8 26. Na4 Qb5 27. Rhe1 Na2
28. Kxa2 Qxa4+ 29. Kb1 Qb5 30. b3 g6 31. f6 h6 32. Qe4 Rh7 33. h4 hxg5 34. h5
d5 35. hxg6 Rh3 36. g7+ 1-0

[Event "83eme Championnat de Paris - Open Fide"]
[Site "Paris - Halle Carpentier (13e"]
[Date "2008.07.01"]
[Round "4.21"]
[White "Salaun, Yann"]
[Black "Manoeuvre, Antoine"]
[Result "1-0"]
[WhiteElo "2319"]
[BlackElo "2052"]
[Annotator "Salaun,Michel"]
[PlyCount "63"]
[EventDate "2008.07.06"]
[EventType "swiss"]
[EventRounds "9"]
[EventCountry "FRA"]

1. d4 Nf6 2. c4 g6 3. Nc3 Bg7 4. e4 d6 5. Bd3 c5 6. d5 e6 7. h3 exd5 8. exd5
O-O 9. Nge2 a6 10. a4 Nbd7 11. f4 Re8 12. O-O Rb8 13. Rf3 Nf8 14. Qc2 Bd7 15.
Bd2 b5 16. axb5 axb5 17. Ng3 Qb6 18. Rb1 b4 19. Nce4 Nxd5 20. Rbf1 b3 21. Qc1
Nb4 22. f5 d5 23. fxg6 fxg6 24. Nf6+ Bxf6 25. Rxf6 Nxd3 26. Qc3 Re6 27. Rf7 d4
28. Qxd3 Bc6 29. Bh6 Ree8 30. Nh5 Be4 31. Qxe4 gxh5 32. Rg7+ 1-0

[Event "83eme Championnat de Paris - Open Fide"]
[Site "Paris - Halle Carpentier (13e"]
[Date "2008.07.01"]
[Round "4.20"]
[White "Leconte, Maria"]
[Black "Brih, Said"]
[Result "1-0"]
[WhiteElo "2336"]
[BlackElo "2208"]
[Annotator "Salaun,Michel"]
[PlyCount "59"]
[EventDate "2008.07.06"]
[EventType "swiss"]
[EventRounds "9"]
[EventCountry "FRA"]

1. e4 c5 2. c3 Nf6 3. e5 Nd5 4. d4 cxd4 5. Nf3 Nc6 6. cxd4 g6 7. Bc4 Nb6 8. Bb3
Bg7 9. Bf4 d6 10. exd6 O-O 11. h3 Bf5 12. O-O exd6 13. Nc3 Nb4 14. Nb5 Nc8 15.
Qd2 a5 16. Rfc1 Nd3 17. Rc7 a4 18. Bg5 Qe8 19. Bc4 Qe4 20. Nc3 Qxf3 21. gxf3
Nb4 22. Ne4 Nc6 23. Bf6 Nb6 24. Bxf7+ Rxf7 25. Rxf7 Kxf7 26. Bxg7 Kxg7 27. Nxd6
Be6 28. Re1 Bxa2 29. Ne8+ Kg8 30. Qh6 1-0

[Event "83eme Championnat de Paris - Open Fide"]
[Site "Paris - Halle Carpentier (13e"]
[Date "2008.07.02"]
[Round "5.20"]
[White "Carpentier, Pierre"]
[Black "Guliyev, Namig"]
[Result "0-1"]
[WhiteElo "2213"]
[BlackElo "2542"]
[Annotator "Salaun,Michel"]
[PlyCount "144"]
[EventDate "2008.07.06"]
[EventType "swiss"]
[EventRounds "9"]
[EventCountry "FRA"]

1. e4 c5 2. Nc3 Nc6 3. g3 g6 4. Bg2 Bg7 5. d3 Nf6 6. f4 d6 7. h3 O-O 8. Nf3 Ne8
9. O-O Nc7 10. Kh1 b5 11. a3 a5 12. e5 Bb7 13. Ne4 Ne6 14. g4 Ned4 15. Ne1 a4
16. Be3 Na5 17. c3 Ndb3 18. Rb1 dxe5 19. fxe5 Bxe5 20. Nxc5 Bxg2+ 21. Nxg2 Nxc5
22. Bxc5 Rc8 23. Be3 Bg7 24. d4 Nc4 25. Bf4 Qd7 26. Qe2 Rfe8 27. Rbd1 Qb7 28.
Qf2 e5 29. dxe5 Bxe5 30. Bxe5 Rxe5 31. Rfe1 Rxe1+ 32. Rxe1 Rd8 33. Re2 Rd1+ 34.
Kh2 Qc7+ 35. Qf4 Qxf4+ 36. Nxf4 h6 37. h4 Kf8 38. g5 hxg5 39. hxg5 Rf1 40. Kg3
Rg1+ 41. Kh4 Nd6 42. Re5 Rb1 43. Nd3 Rd1 44. Nb4 Rg1 45. Nc6 Rg2 46. Rd5 Nf5+
47. Kh3 Rxb2 48. Na7 Ne3 49. Rc5 Nd1 50. Nxb5 Nf2+ 51. Kh4 Ne4 52. Rc8+ Ke7 53.
Rc7+ Kd8 54. Rc4 Nxg5 55. Nd4 Rg2 56. Rxa4 Ke7 57. c4 f5 58. Ra7+ Kf6 59. Ra6+
Kg7 60. Ne6+ Nxe6 61. Rxe6 Rg4+ 62. Kh3 Rxc4 63. Ra6 Kh6 64. Ra8 Rc3+ 65. Kg2
Kh5 66. a4 Kg4 67. a5 Rc2+ 68. Kf1 g5 69. a6 Ra2 70. a7 f4 71. Kg1 Kg3 72. Kf1
f3 0-1

[Event "83eme Championnat de Paris - Open Fide"]
[Site "Paris - Halle Carpentier (13e"]
[Date "2008.07.01"]
[Round "4.23"]
[White "Song, Julien"]
[Black "Rabeyrin, Jean-Jacques"]
[Result "0-1"]
[WhiteElo "2214"]
[BlackElo "2303"]
[Annotator "Salaun,Michel"]
[PlyCount "124"]
[EventDate "2008.07.06"]
[EventType "swiss"]
[EventRounds "9"]
[EventCountry "FRA"]

1. d4 d5 2. Nf3 c6 3. c4 Nf6 4. Qb3 e6 5. Bg5 Be7 6. Nc3 dxc4 7. Qxc4 b5 8. Qb3
Nbd7 9. g3 a5 10. Bg2 O-O 11. O-O b4 12. Ne5 Nxe5 13. dxe5 Nd5 14. Bxe7 Qxe7
15. Ne4 Ba6 16. Rfe1 Bb5 17. Nd6 a4 18. Qc2 a3 19. b3 Nc3 20. Ne4 Nxe4 21. Bxe4
h6 22. Rac1 Rac8 23. Bh7+ Kh8 24. Bd3 Bxd3 25. Qxd3 Rfd8 26. Qe3 Rd5 27. Rc4
Qb7 28. Rec1 Rcd8 29. f3 Rd2 30. R1c2 Rxc2 31. Rxc2 Rd1+ 32. Kg2 Qd7 33. Qf4
Rd4 34. Qc1 Qd5 35. Rc5 Rd1 36. Qc4 Qxc4 37. Rxc4 Rd2 38. Kf2 Rxa2 39. Rxb4 Rb2
40. h4 g6 41. Rc4 a2 42. Ra4 c5 43. Ra7 Kg7 44. g4 Kf8 45. g5 hxg5 46. hxg5 Ke8
47. f4 Kd8 48. Ke3 Rxb3+ 49. Kd2 Rb2+ 50. Kd3 c4+ 51. Kxc4 Rxe2 52. Kd3 Rh2 53.
Kd4 Kc8 54. Kc5 Rd2 55. Kc6 Kd8 56. Kc5 Ke8 57. Ra8+ Ke7 58. Ra7+ Kf8 59. Ra8+
Kg7 60. Kc6 Rf2 61. Kd6 Rxf4 62. Rxa2 Rg4 0-1

[Event "83eme Championnat de Paris - Open Fide"]
[Site "Paris - Halle Carpentier (13e"]
[Date "2008.07.02"]
[Round "5.18"]
[White "Rabeyrin, Jean-Jacques"]
[Black "Sochacki, Wojtek"]
[Result "0-1"]
[WhiteElo "2303"]
[BlackElo "2245"]
[Annotator "Salaun,Michel"]
[PlyCount "116"]
[EventDate "2008.07.06"]
[EventType "swiss"]
[EventRounds "9"]
[EventCountry "FRA"]

1. e4 e6 2. d4 d5 3. Nd2 Nc6 4. Ngf3 Nf6 5. e5 Nd7 6. Be2 Be7 7. Nf1 O-O 8. Ne3
f6 9. exf6 Nxf6 10. O-O Bd6 11. c4 b6 12. b3 Bb7 13. Bb2 Bf4 14. cxd5 Nxd5 15.
Nxd5 exd5 16. g3 Bd6 17. Rc1 Qf6 18. Rc3 Rae8 19. Bc1 Re4 20. Bg5 Qf5 21. Be3
Qf6 22. Bg5 Qf5 23. Be3 Bb4 24. Rc2 h6 25. Qc1 Qe6 26. a3 Be7 27. b4 Nd8 28.
Rxc7 Bd6 29. Rc3 Qh3 30. Re1 Ne6 31. Qd1 Qf5 32. Kh1 g5 33. Ng1 Be5 34. f3 Nxd4
35. Bxd4 Rxd4 36. Rd3 Rxd3 37. Bxd3 Qf6 38. Qe2 Bd4 39. Qe7 Qxe7 40. Rxe7 Rf7
41. Rxf7 Kxf7 42. Kg2 Bb2 43. a4 Bc3 44. b5 Ke6 45. Ne2 Bf6 46. Kf2 d4 47. f4
Kd6 48. fxg5 hxg5 49. Nc1 Kc5 50. Ke2 Kb4 51. Bc2 Kc3 52. Bf5 Bd5 53. h3 Bc4+
54. Kd1 d3 55. Bg6 Be7 56. Bf5 Kd4 57. Kd2 Bb4+ 58. Kd1 Ke3 0-1

[Event "83eme Championnat de Paris - Open Fide"]
[Site "Paris - Halle Carpentier (13e"]
[Date "2008.07.02"]
[Round "5.19"]
[White "Sohier, Julien"]
[Black "Blazkova, Petra"]
[Result "1/2-1/2"]
[WhiteElo "2270"]
[BlackElo "2202"]
[Annotator "Salaun,Michel"]
[PlyCount "70"]
[EventDate "2008.07.06"]
[EventType "swiss"]
[EventRounds "9"]
[EventCountry "FRA"]

1. e4 c5 2. Nf3 d6 3. d4 cxd4 4. Nxd4 Nf6 5. Nc3 a6 6. g3 e5 7. Nb3 Be7 8. a4
b6 9. Bg2 Bb7 10. O-O Nbd7 11. Bg5 O-O 12. Re1 h6 {(=)} 13. Bxf6 Nxf6 14. Nd2
Rc8 15. Nf1 Rc4 16. Ne3 Rb4 17. b3 Qc7 18. Nc4 b5 19. axb5 axb5 20. Na2 d5 21.
c3 Rxb3 22. Na5 Ra3 23. Nxb7 dxe4 24. Rxe4 Qxb7 25. Rxe5 Qa7 26. Re2 Ng4 27.
Qd4 Qxd4 28. cxd4 Bd6 29. h3 Nf6 30. Rb1 Rd3 31. Rxb5 Rd1+ 32. Kh2 Rxd4 33. Nc3
h5 34. Nd5 Nxd5 35. Rxd5 Rxd5 1/2-1/2

[Event "83eme Championnat de Paris - Open Fide"]
[Site "Paris - Halle Carpentier (13e"]
[Date "2008.07.02"]
[Round "5.22"]
[White "Grover, Sahaj"]
[Black "Song, Julien"]
[Result "1-0"]
[WhiteElo "2300"]
[BlackElo "2214"]
[Annotator "Salaun,Michel"]
[PlyCount "111"]
[EventDate "2008.07.06"]
[EventType "swiss"]
[EventRounds "9"]
[EventCountry "FRA"]

1. e4 e6 2. d4 d5 3. Nc3 Nf6 4. Bg5 dxe4 5. Nxe4 Be7 6. Bxf6 Bxf6 7. c3 O-O 8.
f4 Nd7 9. Bd3 Qe7 10. Qc2 c5 11. dxc5 Nxc5 12. Nxc5 Qxc5 13. Bxh7+ Kh8 14. Be4
Qe3+ 15. Ne2 e5 16. f5 g6 17. Rf1 gxf5 18. Bxf5 Bh4+ 19. g3 Bg5 20. Qc1 Qxc1+
21. Nxc1 f6 22. Ke2 Kg7 23. Nd3 b6 24. Bxc8 Raxc8 25. Rad1 Rc4 26. Nf2 Rf7 27.
Rd5 a5 28. Rfd1 a4 29. Kd3 Rfc7 30. Ne4 Kg6 31. Rf1 R4c6 32. h4 Bh6 33. g4 Bf4
34. Ke2 Rc4 35. Kf3 a3 36. Rb1 axb2 37. Rxb2 R7c6 38. Rb4 Rxc3+ 39. Nxc3 Rxc3+
40. Ke2 Rc2+ 41. Kd3 Rxa2 42. Rxb6 Rh2 43. g5 Rxh4 44. gxf6 Bg5 45. f7+ Kxf7
46. Rd7+ Be7 47. Rdb7 Rd4+ 48. Ke2 Rd8 49. Kf3 Re8 50. Ke4 Kf8 51. Rh6 Kg7 52.
Re6 Kf8 53. Kf5 Bc5 54. Rf6+ Kg8 55. Rg6+ Kf8 56. Rbg7 1-0